1094 1540 1257 1149 1798 1725 1982 1154 1263 1718 1757 1443 1373 1662 1977 1528 1610 1572 1370 1618 1271 1723 1486 1349 1012 1696 1401 1372 1069 1933 1864 1117 1528 1340 1410 1066 1301 1934 1667 1536 1349 1448 1370 1525 1854 1485 1918 1189 1291 1344 1488 1381 1200 1576 1597 1546 1344 1696 1815 1153 1678 1385 1241 1041 1104 1232 1797 1381 1929 1865 1069 1471 1405 1128 1387 1888 1921 1661 1848 1694 1087 1544 1541 1881 1883 1996 1155 1366 1633 1780 1777 1085 1940 1860 1449 1739 1480 1420 1208 BCNSPRNW ULIB Ver.6.0+V

เปลี่ยนเป็นภาษาไทย

Change to English
 แสดงรายละเอียดบรรณานุกรม
  กลับหน้าหลัก

Brief Record : Get Marc (ISO 2709) : E-mail record : QR code < ปิดหน้าต่าง
LEADER : 00000nam 2200000uu 4500
001    13399114967
003     ULIB
008    120626s2553||||th 000 0 tha d
020    ^a9789747293876
050  4 ^aBF637.S8^bอ598ด ล.2
100 0  ^aอาจอง ชุมสาย ณ อยุธยา
245 10 ^aด้วยรักบันดาล...นิทานสีขาว เล่ม 2 /^cเล่าเรื่องโดย อาจอง ชุมสาย ณ อยุธยา ;สุพัตรา แซ่ลิ่ม เรียบเรียง ;[บรรณาธิการ อิศวเรศ ตโมนุท]
250    ^aพิมพ์ครั้งที่ 8
260    ^aกรุงเทพฯ :^bฟรีมายด์,^c2553
300    ^a229 หน้า :^bภาพประกอบ
650  4 ^aนิทานสอนใจ
650  4 ^aการดำเนินชีวิต
650  4 ^aความสำเร็จ
650  4 ^aนิทานคติธรรม
700 0  ^aสุพัตรา แซ่ลิ่ม
700 0  ^aอิศวเรศ ตโมนุท,^eบรรณาธิการ
945    ^p185^l0^i19122
945    ^p185^l0^i19123
995    ^aเกษร
999    ^aใช้งานได้ทุกระบบ
รายการนี้ยังไม่มีแท็ก
คุณยังไม่ได้ล็อกอิน คุณสามารถมีกิจกรรมร่วมกับเว็บไซต์ได้ แต่ต้องล็อกอินก่อน ::
  ล็อกอิน

รายการสื่อสารสนเทศ

ลำดับที่ ประเภท เลขเรียก/บาร์โค้ด สถานที่ สถานะ
- ไม่พบข้อมูล -

รายการใกล้เคียง
    ผู้แต่ง [อาจอง ชุมสาย ณ อยุธยา]

    หัวเรื่อง [นิทานสอนใจ]
    หัวเรื่อง [การดำเนินชีวิต]
    หัวเรื่อง [ความสำเร็จ]
    หัวเรื่อง [นิทานคติธรรม]

BibComment


ยังไม่เคยถูกคอมเมนท์

คอมเมนท์ทรัพยากรรายการนี้
  คอมเมนท์: ด้วยรักบันดาลนิท..


 Copyright 2026. Bcnsprnw @Library